000 01455cam a2200349 i 4500
001 essentialtalmud00stei
003 CaSfIA
005 20210118005008.0
007 cr||||
008 751210s1976 nyu 00110 eng
010 _a 75036384 //r984
020 _a0465020607
035 _a(DLC) 75036384 //r984
040 _aDLC
_cDLC
_dDLC
_dBIBLIOS
_dCaSfIA
041 1 _aengheb
050 0 0 _aBM503.5
_b.S79913 1976b
051 _aBM503.5
_b.S8
_cCopy 3.
082 0 0 _a296.1/2
100 1 0 _aSteinsaltz, Adin.
240 1 0 _aTalmud la-kol.
_lEnglish
245 1 4 _aThe essential Talmud /
_h[electronic resource]
_cAdin Steinsaltz ; translated from the Hebrew by Chaya Galai.
260 0 _aNew York :
_bBasic Books,
_cc1976.
300 _avi, 296 p. ;
_c22 cm.
500 _aIncludes index.
500 _aTranslation of ha-Talmud la-kol.
630 0 0 _aTalmud
_xIntroductions.
856 4 1 _uhttp://www.archive.org/details/essentialtalmud00stei
_zFree eBook from the Internet Archive
856 4 2 _uhttp://www.openlibrary.org/books/OL5209077M
_zAdditional information and access via Open Library
942 _cEB
506 _fНеобхідна авторизація на https://archive.org/ (створення облікового запису безкоштовно)
506 _fНеобхідна авторизація на https://openlibrary.org/ (створення облікового запису безкоштовно)
999 _c493711
_d493711